[Event "20. Abierto de la Constitucion 2018"]
[Site "S. S. de los Reyes ESP"]
[Date "2018.12.04"]
[Round "4.27"]
[White "Martin Rodriguez, Jose Luis"]
[Black "Gonzalez Garcia, Luis"]
[Result "0-1"]
[WhiteElo "1270"]
[BlackElo "1505"]
[PlyCount "66"]
[EventDate "2018.12.01"]
[EventType "swiss"]
[EventRounds "9"]
[EventCountry "ESP"]
[SourceTitle "Ajedrez en Madrid"]
[Source "lmi"]
[SourceDate "2018.12.01"]

1. c4 d6 2. Nc3 Nf6 3. Nf3 Nbd7 4. g3 e5 5. d3 Be7 6. Bg2 O-O 7. O-O c6 8. Bd2
Re8 9. a3 a6 10. b4 Rb8 11. Rb1 b5 12. Nh4 Qc7 13. Nf5 Bf8 14. e4 h6 15. g4 Nh7
16. h4 Qd8 17. Qf3 Nb6 18. Qg3 bxc4 19. g5 h5 20. Bf3 Bxf5 21. exf5 g6 22. f6
Qd7 23. Be2 cxd3 24. Qxd3 d5 25. Qg3 Nc4 26. Bxc4 dxc4 27. Rbd1 Qf5 28. Rc1
Rbd8 29. Rfd1 Rd4 30. f3 Rd3 31. Kg2 e4 32. Qf4 exf3+ 33. Kf1 Qh3+ 0-1

[Event "20. Abierto de la Constitucion 2018"]
[Site "S. S. de los Reyes ESP"]
[Date "2018.12.04"]
[Round "4.29"]
[White "Bellod Thomas, Gonzalo"]
[Black "Lopez Sanz, David"]
[Result "1/2-1/2"]
[WhiteElo "1633"]
[BlackElo "1395"]
[PlyCount "78"]
[EventDate "2018.12.01"]
[EventType "swiss"]
[EventRounds "9"]
[EventCountry "ESP"]
[SourceTitle "Ajedrez en Madrid"]
[Source "lmi"]
[SourceDate "2018.12.01"]

1. d4 Nf6 2. Nf3 g6 3. c4 Bg7 4. Nc3 O-O 5. e3 c5 6. Be2 d6 7. O-O Nbd7 8. b3
Nb6 9. Bb2 Bf5 10. Nh4 Bd7 11. Rc1 Rc8 12. Nf3 d5 13. dxc5 Rxc5 14. Ba3 Rc8 15.
c5 Na8 16. Nxd5 Nxd5 17. Qxd5 Bc6 18. Qxd8 Rfxd8 19. Rfd1 Nc7 20. Nd4 Bxd4 21.
exd4 e6 22. Bb2 Nd5 23. g3 f5 24. a3 h5 25. b4 a6 26. Re1 h4 27. Bc4 Kf7 28.
Rc2 hxg3 29. fxg3 Rh8 30. Rce2 Rce8 31. Bb3 Re7 32. Bc4 Rhe8 33. Kf1 Rh8 34.
Kg1 Rhe8 35. Rb1 Ra8 36. Ba1 Ra7 37. Rbe1 Ra8 38. Bb2 Rae8 39. Rc1 Rc8 1/2-1/2

[Event "20. Abierto de la Constitucion 2018"]
[Site "S. S. de los Reyes ESP"]
[Date "2018.12.04"]
[Round "4.30"]
[White "Lozano Hernanz, Rodrigo"]
[Black "Enriquez Pastor, Jorge"]
[Result "1-0"]
[WhiteElo "1318"]
[BlackElo "1465"]
[PlyCount "81"]
[EventDate "2018.12.01"]
[EventType "swiss"]
[EventRounds "9"]
[EventCountry "ESP"]
[SourceTitle "Ajedrez en Madrid"]
[Source "lmi"]
[SourceDate "2018.12.01"]

1. e4 e6 2. d4 d5 3. exd5 exd5 4. Nf3 c5 5. Nc3 Nc6 6. Bb5 Nf6 7. O-O Be7 8.
Ne5 Bd7 9. Nxd7 Qxd7 10. dxc5 Bxc5 11. Re1+ Be7 12. Bxc6 bxc6 13. Qe2 h6 14.
Be3 O-O 15. Rad1 Bb4 16. Bd4 Rfe8 17. Qd2 Ne4 18. Qd3 Bxc3 19. Bxc3 Re6 20.
Rxe4 Rg6 21. h3 Qc7 22. Rg4 Rxg4 23. hxg4 Qd7 24. Qf5 Qb7 25. Qe5 f6 26. Qe6+
Kf8 27. a3 a5 28. b4 Re8 29. Qd6+ Kg8 30. Re1 Rxe1+ 31. Bxe1 Qb5 32. Qe6+ Kh7
33. Qf5+ Kg8 34. Qd3 Qb8 35. bxa5 Qb1 36. Kf1 Qb8 37. a6 Qb6 38. Qe2 Kf7 39. a4
c5 40. Qb5 Qa7 41. Qb7+ 1-0

[Event "20. Abierto de la Constitucion 2018"]
[Site "S. S. de los Reyes ESP"]
[Date "2018.12.04"]
[Round "4.31"]
[White "Gonzalez Morente, Jose A"]
[Black "Diez Cuarental, Luis"]
[Result "1-0"]
[WhiteElo "1449"]
[BlackElo "1233"]
[PlyCount "145"]
[EventDate "2018.12.01"]
[EventType "swiss"]
[EventRounds "9"]
[EventCountry "ESP"]
[SourceTitle "Ajedrez en Madrid"]
[Source "lmi"]
[SourceDate "2018.12.01"]

1. d4 d5 2. Nf3 Nf6 3. Bf4 Bf5 4. e3 e6 5. c3 Bd6 6. Ne5 c5 7. Bb5+ Ke7 8. O-O
a6 9. Be2 Re8 10. Nd2 Kf8 11. Rc1 Nc6 12. c4 cxd4 13. Nxc6 bxc6 14. Bxd6+ Qxd6
15. exd4 Rab8 16. b3 a5 17. Re1 Qf4 18. Nf1 Red8 19. Qd2 Qxd2 20. Nxd2 dxc4 21.
Rxc4 Rb4 22. Rxc6 Rbxd4 23. Nf3 R4d6 24. Rc7 R6d7 25. Rc5 Rd5 26. Rec1 Rxc5 27.
Rxc5 Bd3 28. Bxd3 Rxd3 29. h3 Rd5 30. Rc4 Ke7 31. Nd4 Kd6 32. Nc6 Nd7 33. Kf1
h5 34. Nd4 Ne5 35. Ra4 Kc5 36. Nc2 Kb5 37. Na3+ Kb6 38. Nc4+ Nxc4 39. bxc4 Rc5
40. Ke2 Kc6 41. Kd3 g5 42. Ra3 Rf5 43. f3 Kb6 44. Rb3+ Kc7 45. a4 Rc5 46. Rb5
Rxb5 47. cxb5 f5 48. Kd4 Kd6 49. g3 g4 50. fxg4 fxg4 51. hxg4 hxg4 52. Ke4 e5
53. Ke3 Kd5 54. Kd3 Kc5 55. Ke4 Kd6 56. Kf5 Kd5 57. Kxg4 e4 58. b6 Kc6 59. b7
Kxb7 60. Kf4 Kc6 61. Kxe4 Kc5 62. g4 Kb4 63. g5 Kxa4 64. g6 Kb3 65. g7 a4 66.
g8=Q+ Kb4 67. Qa2 a3 68. Kd4 Ka4 69. Kc4 Ka5 70. Qxa3+ Kb6 71. Qc5+ Kb7 72. Kd5
Ka8 73. Qe7 1-0

[Event "20. Abierto de la Constitucion 2018"]
[Site "S. S. de los Reyes ESP"]
[Date "2018.12.05"]
[Round "5.1"]
[White "Lianes Garcia, Marcos"]
[Black "Hernandez Ramos, David"]
[Result "1-0"]
[WhiteElo "2330"]
[BlackElo "2078"]
[PlyCount "201"]
[EventDate "2018.12.01"]
[EventType "swiss"]
[EventRounds "9"]
[EventCountry "ESP"]
[SourceTitle "Ajedrez en Madrid"]
[Source "lmi"]
[SourceDate "2018.12.01"]

1. e4 e6 2. d4 d5 3. Nc3 Nf6 4. Bg5 Be7 5. e5 Nfd7 6. h4 a6 7. Qg4 Bxg5 8. hxg5
c5 9. g6 f5 10. Qf4 h6 11. Nf3 cxd4 12. Ne2 Qa5+ 13. Kd1 Nc6 14. Nexd4 Nf8 15.
Nb3 Qb6 16. Qg3 Ne7 17. Nfd4 Bd7 18. Be2 O-O-O 19. a4 Kb8 20. f4 Rc8 21. a5 Qc7
22. Rh3 Nexg6 23. Bh5 Be8 24. Qf2 Qe7 25. Be2 Nd7 26. g4 fxg4 27. Bxg4 Bf7 28.
c3 Rc7 29. Ra4 Rhc8 30. Be2 Ka8 31. Rg3 Qh4 32. Nf3 Qd8 33. Bd3 Qe8 34. Rb4 Nc5
35. Nxc5 Rxc5 36. Nd2 R5c7 37. Nb3 Ne7 38. Nd4 Nc6 39. Nxc6 Qxc6 40. Kd2 Be8
41. Qg1 Qd7 42. Qb6 Rc6 43. Qg1 R6c7 44. Qb6 Rc6 45. Qf2 Qe7 46. Qg1 R8c7 47.
Be2 Qf8 48. Qd4 Qe7 49. Qg1 Qf8 50. Qd4 Qe7 51. Qg1 Qf8 52. Bd3 Bh5 53. Qh1 Be8
54. Qg1 Bh5 55. Rh3 Be8 56. Rg3 Bh5 57. Qe3 Be8 58. Rg1 Qe7 59. Qf2 Qf8 60. Qh4
Qc5 61. Ra1 Ka7 62. Qg3 Rd7 63. Qg1 Qxg1 64. Rxg1 Re7 65. Ke3 Rc5 66. Ra1 Rcc7
67. Rb6 Rc5 68. Kd4 Rcc7 69. Rg1 Bc6 70. Rg6 Ka8 71. Rg3 Rf7 72. Rg4 Ka7 73. b3
Ka8 74. Bg6 Rf8 75. Rh4 Ka7 76. Rg4 Ka8 77. Bc2 Rcf7 78. Ke3 g5 79. Rb4 Kb8 80.
Bd3 Kc7 81. fxg5 Rf3+ 82. Ke2 Rf2+ 83. Ke1 hxg5 84. Rxg5 R8f7 85. Rbg4 R2f3 86.
Rg7 Kd7 87. Rxf7+ Rxf7 88. Ke2 Ke7 89. Ke3 Kd7 90. Rh4 Bb5 91. Bxb5+ axb5 92.
Rh8 Rg7 93. Kd4 Rg3 94. Rh6 Rf3 95. Rg6 Rh3 96. Rf6 Rg3 97. Rh6 Rf3 98. b4 Rf5
99. Kc5 Rxe5 100. Rh7+ Kc8 101. Kd6 1-0

[Event "20. Abierto de la Constitucion 2018"]
[Site "S. S. de los Reyes ESP"]
[Date "2018.12.05"]
[Round "5.2"]
[White "Lozano Suarez, Luis Miguel"]
[Black "Martin Rodriguez, Emilio"]
[Result "1/2-1/2"]
[WhiteElo "2135"]
[BlackElo "1994"]
[PlyCount "104"]
[EventDate "2018.12.01"]
[EventType "swiss"]
[EventRounds "9"]
[EventCountry "ESP"]
[SourceTitle "Ajedrez en Madrid"]
[Source "lmi"]
[SourceDate "2018.12.01"]

1. c4 c6 2. g3 d5 3. Bg2 Nf6 4. Nf3 g6 5. b3 Bg7 6. Bb2 O-O 7. O-O a5 8. d3 Re8
9. Nbd2 e6 10. a3 b6 11. Rc1 Bb7 12. d4 Nbd7 13. Qc2 Rc8 14. Rfd1 Qe7 15. e4
Nxe4 16. Nxe4 dxe4 17. Qxe4 Nf6 18. Qb1 Red8 19. Re1 Nd7 20. Qc2 Qf8 21. Nd2
Ba8 22. Ne4 c5 23. dxc5 Bxe4 24. Bxe4 Nxc5 25. Bxg7 Qxg7 26. b4 Nxe4 27. Rxe4
axb4 28. axb4 Rd4 29. c5 bxc5 30. bxc5 Rc6 31. Rb1 Rd8 32. Rc4 Qe5 33. h4 Rd5
34. Rc1 h5 35. Rc3 Qf5 36. Qxf5 Rxf5 37. Kf1 Re5 38. Kg2 Kf8 39. R1c2 Ke7 40.
Kf3 Rd5 41. Ke4 f5+ 42. Ke3 e5 43. f3 Ke6 44. Rc1 Rd4 45. R3c2 f4+ 46. Kf2 Kf5
47. gxf4 Rxf4 48. Kg3 g5 49. hxg5 Kxg5 50. Rc3 Kf5 51. Rh1 Kg5 52. Rb1 Rff6
1/2-1/2

[Event "20. Abierto de la Constitucion 2018"]
[Site "S. S. de los Reyes ESP"]
[Date "2018.12.05"]
[Round "5.3"]
[White "Lin, Yingrui"]
[Black "Quevedo Marin, Manuel"]
[Result "0-1"]
[WhiteElo "2017"]
[BlackElo "2199"]
[PlyCount "122"]
[EventDate "2018.12.01"]
[EventType "swiss"]
[EventRounds "9"]
[EventCountry "ESP"]
[SourceTitle "Ajedrez en Madrid"]
[Source "lmi"]
[SourceDate "2018.12.01"]

1. d4 Nf6 2. Nf3 e6 3. Bf4 d5 4. e3 c5 5. Nbd2 Nc6 6. c3 Bd6 7. Bg3 O-O 8. Bd3
b6 9. O-O Bxg3 10. hxg3 Bb7 11. Re1 h6 12. Rc1 Qe7 13. Bb5 Rfd8 14. Bxc6 Bxc6
15. Ne5 Be8 16. g4 Rac8 17. Qe2 Nd7 18. Nxd7 Rxd7 19. Nf3 Rdc7 20. Rcd1 a5 21.
e4 dxe4 22. Qxe4 cxd4 23. Nxd4 Qg5 24. Re3 b5 25. Rh3 b4 26. Rh5 Qe7 27. Rxa5
bxc3 28. bxc3 Rxc3 29. Ra8 Qd8 30. Rxc8 Rxc8 31. Qf3 Qa5 32. Qe2 Rd8 33. Rd3
Qd5 34. Rd2 Qa8 35. Nb3 Bc6 36. Rxd8+ Qxd8 37. f3 Bd5 38. Qe3 Qa8 39. Qd2 Qa6
40. Nc1 Qb6+ 41. Kh1 Qa6 42. Kg1 f6 43. Qb2 Qa7+ 44. Kh2 e5 45. a3 e4 46. Qd2
Ba8 47. fxe4 Bxe4 48. Qc3 Qa8 49. Qb2 Kh7 50. Nb3 Qb8+ 51. Kh1 Qg3 52. Nc5 Bg6
53. Nd7 Be4 54. Qe2 f5 55. Qa2 Qxg4 56. Nf8+ Kh8 57. Kg1 f4 58. Ne6 f3 59. Nc5
Bc6 60. Qd2 fxg2 61. a4 Qh4 0-1

[Event "20. Abierto de la Constitucion 2018"]
[Site "S. S. de los Reyes ESP"]
[Date "2018.12.05"]
[Round "5.4"]
[White "Pastor Alonso De Prado, Alberto"]
[Black "Lorenzo Bailador, Alfredo"]
[Result "1-0"]
[WhiteElo "2102"]
[BlackElo "2044"]
[PlyCount "81"]
[EventDate "2018.12.01"]
[EventType "swiss"]
[EventRounds "9"]
[EventCountry "ESP"]
[SourceTitle "Ajedrez en Madrid"]
[Source "lmi"]
[SourceDate "2018.12.01"]

1. e4 e5 2. Nf3 Nc6 3. Nc3 Nf6 4. Bb5 Bb4 5. O-O O-O 6. Bxc6 dxc6 7. d3 Bd6 8.
h3 Qe7 9. Qe2 Re8 10. Bd2 Bd7 11. Nh2 Rad8 12. Nd1 h6 13. Ne3 Kh7 14. Nhg4 Be6
15. Qf3 Ng8 16. Bc3 f6 17. Nf5 Qd7 18. Nge3 Ne7 19. Rfe1 Bxf5 20. Nxf5 Nxf5 21.
exf5 Bc5 22. Re4 Qf7 23. Rae1 Bd4 24. Bxd4 Rxd4 25. Rxd4 exd4 26. Rxe8 Qxe8 27.
Qe4 Qd7 28. g4 Kg8 29. f4 Kf7 30. h4 Qd5 31. Kf2 Qd6 32. Kf3 Qd5 33. g5 h5 34.
Ke2 Qd6 35. a3 b6 36. Qf3 Kg8 37. Qxh5 Qe7+ 38. Kd1 Qe3 39. Qg4 Kf8 40. h5 c5
41. h6 1-0

[Event "20. Abierto de la Constitucion 2018"]
[Site "S. S. de los Reyes ESP"]
[Date "2018.12.05"]
[Round "5.5"]
[White "Pindado Campos, Raul"]
[Black "Paarup, Torsten"]
[Result "1/2-1/2"]
[WhiteElo "2065"]
[BlackElo "1989"]
[PlyCount "43"]
[EventDate "2018.12.01"]
[EventType "swiss"]
[EventRounds "9"]
[EventCountry "ESP"]
[SourceTitle "Ajedrez en Madrid"]
[Source "lmi"]
[SourceDate "2018.12.01"]

1. e4 e5 2. Nf3 Nf6 3. Nc3 Bb4 4. Bc4 O-O 5. d3 Bxc3+ 6. bxc3 d6 7. Rb1 Nbd7 8.
O-O Nc5 9. h3 Be6 10. Bb3 Bxb3 11. cxb3 Ne6 12. Nh2 d5 13. Qe2 dxe4 14. dxe4
Qe7 15. Ng4 Nxg4 16. Qxg4 Rad8 17. Qg3 f6 18. Qg4 Rfe8 19. Be3 b6 20. Rfd1 Nc5
21. Bxc5 Qxc5 22. Rxd8 1/2-1/2

[Event "20. Abierto de la Constitucion 2018"]
[Site "S. S. de los Reyes ESP"]
[Date "2018.12.05"]
[Round "5.6"]
[White "Bello Burguet, Glenier Lazaro"]
[Black "Rodrigo Yanguas, Maria"]
[Result "0-1"]
[WhiteElo "1947"]
[BlackElo "2053"]
[PlyCount "92"]
[EventDate "2018.12.01"]
[EventType "swiss"]
[EventRounds "9"]
[EventCountry "ESP"]
[SourceTitle "Ajedrez en Madrid"]
[Source "lmi"]
[SourceDate "2018.12.01"]

1. c4 e5 2. Nc3 Nc6 3. Nf3 Nf6 4. d4 exd4 5. Nxd4 Bb4 6. Nxc6 Bxc3+ 7. bxc3
bxc6 8. Bg5 h6 9. Bxf6 Qxf6 10. Qd4 Qg6 11. e3 O-O 12. Bd3 Qe6 13. O-O a5 14.
f4 Re8 15. Rf3 Qd6 16. c5 Qf8 17. Rg3 d6 18. f5 f6 19. cxd6 Qxd6 20. Bc4+ Kh8
21. Qg4 Re7 22. Qg6 Qd7 23. e4 Ba6 24. Bb3 Qe8 25. Qg4 a4 26. Be6 Bc8 27. Bc4
Ra5 28. Rd1 Rae5 29. Rd4 Bd7 30. Bd3 c5 31. Rd5 Bxf5 32. Qf3 Bxe4 33. Bxe4 Rxe4
34. h3 Re3 35. Qg4 Rxg3 36. Qxg3 c4 37. Rc5 Qf7 38. Qg4 Re1+ 39. Kh2 Qe7 40.
Qc8+ Kh7 41. Qxc7 Qe3 42. Rxc4 Qg1+ 43. Kg3 Re3+ 44. Kh4 Qf2+ 45. g3 Rxg3 46.
Rg4 Rxc3+ 0-1

[Event "20. Abierto de la Constitucion 2018"]
[Site "S. S. de los Reyes ESP"]
[Date "2018.12.05"]
[Round "5.7"]
[White "Hidalgo Prado, David"]
[Black "Aziz Ortego, Omar Luis"]
[Result "0-1"]
[WhiteElo "1588"]
[BlackElo "2053"]
[PlyCount "62"]
[EventDate "2018.12.01"]
[EventType "swiss"]
[EventRounds "9"]
[EventCountry "ESP"]
[SourceTitle "Ajedrez en Madrid"]
[Source "lmi"]
[SourceDate "2018.12.01"]

1. e4 c5 2. c3 e6 3. Nf3 d5 4. exd5 exd5 5. d4 Nf6 6. Bd3 Be7 7. O-O O-O 8. h3
Nc6 9. Re1 a6 10. Be3 c4 11. Bc2 Ne4 12. Bxe4 dxe4 13. Ne5 Qd5 14. Nxc6 Qxc6
15. Bf4 Qg6 16. Kh2 Be6 17. Nd2 f5 18. Qe2 b5 19. Nf1 Rae8 20. Ne3 Bc8 21. Kh1
Bd6 22. Bxd6 Qxd6 23. Qd1 Qf4 24. Rf1 Qh4 25. Kh2 f4 26. Ng4 f3 27. Ne3 fxg2
28. Nxg2 Qxh3+ 29. Kg1 Bg4 30. Qd2 Rf5 31. Qe3 Bf3 0-1

[Event "20. Abierto de la Constitucion 2018"]
[Site "S. S. de los Reyes ESP"]
[Date "2018.12.05"]
[Round "5.8"]
[White "Montiel Miguelez, Manuel"]
[Black "Perez Gonzalez, Jose Manuel"]
[Result "0-1"]
[WhiteElo "1814"]
[BlackElo "2221"]
[PlyCount "54"]
[EventDate "2018.12.01"]
[EventType "swiss"]
[EventRounds "9"]
[EventCountry "ESP"]
[SourceTitle "Ajedrez en Madrid"]
[Source "lmi"]
[SourceDate "2018.12.01"]

1. e4 d6 2. d4 Nf6 3. Nc3 g6 4. Bc4 Bg7 5. Qe2 Nc6 6. Be3 O-O 7. O-O-O Ng4 8.
h4 h5 9. Nh3 Nxe3 10. Qxe3 e5 11. dxe5 Nxe5 12. Bb3 Bxh3 13. Rxh3 c6 14. f3 Qf6
15. Qe2 b5 16. g4 a5 17. a4 b4 18. Nb1 Nd7 19. c3 Nc5 20. Bc2 Rab8 21. Qc4 bxc3
22. bxc3 Qf4+ 23. Nd2 Qe3 24. gxh5 d5 25. exd5 cxd5 26. Qxd5 Qxc3 27. Qa2 Nd3#
0-1

[Event "20. Abierto de la Constitucion 2018"]
[Site "S. S. de los Reyes ESP"]
[Date "2018.12.05"]
[Round "5.9"]
[White "Cabanas Bravo, Juan Andres"]
[Black "Alvarez Gonzalez, Eduardo"]
[Result "1-0"]
[WhiteElo "1963"]
[BlackElo "1798"]
[PlyCount "93"]
[EventDate "2018.12.01"]
[EventType "swiss"]
[EventRounds "9"]
[EventCountry "ESP"]
[SourceTitle "Ajedrez en Madrid"]
[Source "lmi"]
[SourceDate "2018.12.01"]

1. e4 c6 2. Nc3 d5 3. Nf3 Bg4 4. h3 Bxf3 5. Qxf3 dxe4 6. Nxe4 Nd7 7. d4 Ngf6 8.
Ng3 e6 9. Bd3 Bd6 10. O-O O-O 11. Rd1 Qc7 12. Ne2 c5 13. c3 Rad8 14. Bg5 Be7
15. Bf4 Bd6 16. Bxd6 Qxd6 17. Qxb7 Rb8 18. Qxa7 Rxb2 19. Rab1 Rfb8 20. Rxb2
Rxb2 21. a4 cxd4 22. cxd4 g6 23. Bb5 Qb6 24. Qa8+ Kg7 25. Qc8 Qa5 26. Ng3 Nb6
27. Qd8 Nc4 28. Qxa5 Nxa5 29. Kf1 Nd5 30. Ne4 Rb4 31. Ke1 Nb3 32. Rb1 Nxd4 33.
Rxb4 Nxb4 34. Kd2 Nxb5 35. axb5 Nd5 36. Kd3 Kf8 37. Kd4 Ke7 38. Kc5 f5 39. Ng5
h6 40. Nf3 Nf6 41. Ne5 g5 42. Kc6 Nd5 43. b6 Nb4+ 44. Kb5 Nd5 45. b7 Nc7+ 46.
Kb6 Nd5+ 47. Ka7 1-0

[Event "20. Abierto de la Constitucion 2018"]
[Site "S. S. de los Reyes ESP"]
[Date "2018.12.05"]
[Round "5.10"]
[White "Vukotic Jovsic, Dragan"]
[Black "Perez Cameselle, Francisco"]
[Result "1-0"]
[WhiteElo "1935"]
[BlackElo "1783"]
[PlyCount "49"]
[EventDate "2018.12.01"]
[EventType "swiss"]
[EventRounds "9"]
[EventCountry "ESP"]
[SourceTitle "Ajedrez en Madrid"]
[Source "lmi"]
[SourceDate "2018.12.01"]

1. d4 f5 2. Nf3 e6 3. Bf4 Nf6 4. h3 b6 5. Nbd2 Bb7 6. e3 Be7 7. Bd3 O-O 8. Qe2
Ne4 9. g4 g5 10. gxf5 Nxd2 11. Kxd2 gxf4 12. Rhg1+ Kh8 13. exf4 Bxf3 14. Qxf3
Nc6 15. fxe6 dxe6 16. Qh5 Rf5 17. Bxf5 exf5 18. Rad1 Qxd4+ 19. Kc1 Qxf4+ 20.
Kb1 Ne5 21. Rde1 Bf6 22. Rg3 Rf8 23. Reg1 Nc4 24. Qf7 Qd6 25. Rg8+ 1-0

[Event "20. Abierto de la Constitucion 2018"]
[Site "S. S. de los Reyes ESP"]
[Date "2018.12.05"]
[Round "5.11"]
[White "Gomez Logrosan, Cristian"]
[Black "Hernandez Ramos, Alberto"]
[Result "1/2-1/2"]
[WhiteElo "1790"]
[BlackElo "1917"]
[PlyCount "84"]
[EventDate "2018.12.01"]
[EventType "swiss"]
[EventRounds "9"]
[EventCountry "ESP"]
[SourceTitle "Ajedrez en Madrid"]
[Source "lmi"]
[SourceDate "2018.12.01"]

1. d4 d5 2. Nc3 Nf6 3. Bg5 Bf5 4. e3 Nbd7 5. Bd3 Bxd3 6. Qxd3 c6 7. Nf3 e6 8.
e4 dxe4 9. Nxe4 Be7 10. Nxf6+ Bxf6 11. Bxf6 Qxf6 12. O-O O-O 13. c3 Rad8 14.
Qc2 c5 15. Rad1 cxd4 16. Rxd4 Nb6 17. Rxd8 Rxd8 18. Rd1 Re8 19. Qe4 Qe7 20. Qd4
Rc8 21. h3 h6 22. Qd6 Qxd6 23. Rxd6 Kf8 24. Rd2 Ke7 25. Kf1 Rc5 26. Ke2 Nc4 27.
Rc2 e5 28. Nd2 Nd6 29. f3 f5 30. Ke3 g5 31. g4 Kf6 32. Rc1 Ra5 33. a3 Ra4 34.
Ra1 h5 35. b4 hxg4 36. hxg4 a5 37. Nb3 axb4 38. axb4 Rxa1 39. Nxa1 fxg4 40.
fxg4 e4 41. Kd4 Nb5+ 42. Kxe4 Nxc3+ 1/2-1/2

[Event "20. Abierto de la Constitucion 2018"]
[Site "S. S. de los Reyes ESP"]
[Date "2018.12.05"]
[Round "5.12"]
[White "Chidichimo, Pedro Jose Maria"]
[Black "Bartolome Martin, Angel"]
[Result "1-0"]
[WhiteElo "1772"]
[BlackElo "1950"]
[PlyCount "69"]
[EventDate "2018.12.01"]
[EventType "swiss"]
[EventRounds "9"]
[EventCountry "ESP"]
[SourceTitle "Ajedrez en Madrid"]
[Source "lmi"]
[SourceDate "2018.12.01"]

1. d4 Nf6 2. Nf3 c5 3. e3 e6 4. Bd3 Be7 5. O-O O-O 6. Nbd2 b6 7. b3 Bb7 8. Bb2
d6 9. Qe2 Nbd7 10. Rfd1 cxd4 11. exd4 Nd5 12. c4 Nf4 13. Qe3 Nxd3 14. Qxd3 Nf6
15. Re1 Rc8 16. Rac1 Rc7 17. Ng5 h6 18. Nge4 d5 19. Ng3 Qa8 20. f3 Rfc8 21.
Ndf1 a5 22. Ne3 Bd6 23. Re2 Ba6 24. Rec2 Bf4 25. Ngf1 dxc4 26. bxc4 Nd5 27.
Nxd5 exd5 28. Re1 Bxc4 29. Qf5 Bd6 30. Ne3 Re8 31. Bc1 Rce7 32. Bd2 Qa6 33.
Rcc1 Bxa2 34. Qg4 Qd3 35. Nf5 1-0

[Event "20. Abierto de la Constitucion 2018"]
[Site "S. S. de los Reyes ESP"]
[Date "2018.12.05"]
[Round "5.13"]
[White "Lopez-Andujar Ocana, Antonio"]
[Black "Campos Rodriguez, Alvaro"]
[Result "1-0"]
[WhiteElo "2100"]
[BlackElo "1706"]
[PlyCount "87"]
[EventDate "2018.12.01"]
[EventType "swiss"]
[EventRounds "9"]
[EventCountry "ESP"]
[SourceTitle "Ajedrez en Madrid"]
[Source "lmi"]
[SourceDate "2018.12.01"]

1. c4 e6 2. d4 d5 3. Nf3 Nf6 4. g3 dxc4 5. Bg2 Nbd7 6. O-O a6 7. Bg5 Rb8 8.
Nbd2 b5 9. Ne5 Nxe5 10. dxe5 h6 11. Bxf6 gxf6 12. exf6 Bb7 13. Bxb7 Rxb7 14.
Ne4 Qxd1 15. Rfxd1 c6 16. a3 Rd7 17. Rxd7 Kxd7 18. a4 b4 19. Rc1 c3 20. bxc3
bxc3 21. Rxc3 Bb4 22. Rc4 a5 23. h4 Kc7 24. Kg2 Rd8 25. g4 Bf8 26. f4 Rb8 27.
Kf3 Rb4 28. Nd2 h5 29. g5 Rb2 30. Ke3 Kb6 31. Nf3 Rb3+ 32. Ke4 Rb4 33. Kd3 Rb3+
34. Kc2 Rb4 35. Kc3 Bd6 36. Ne5 Bxe5+ 37. fxe5 Rb1 38. g6 Kc7 39. g7 Rb8 40.
Kd3 Rg8 41. Ke3 Kb6 42. Kf4 c5 43. Kg5 Kc6 44. e4 1-0

[Event "20. Abierto de la Constitucion 2018"]
[Site "S. S. de los Reyes ESP"]
[Date "2018.12.05"]
[Round "5.14"]
[White "Alonso Garuti, Luis E"]
[Black "Vazquez Gonzalez, Jesus"]
[Result "1/2-1/2"]
[WhiteElo "1774"]
[BlackElo "1923"]
[PlyCount "98"]
[EventDate "2018.12.01"]
[EventType "swiss"]
[EventRounds "9"]
[EventCountry "ESP"]
[SourceTitle "Ajedrez en Madrid"]
[Source "lmi"]
[SourceDate "2018.12.01"]

1. e4 g6 2. d4 Bg7 3. c4 c5 4. Nf3 cxd4 5. Nxd4 Nc6 6. Nxc6 bxc6 7. Qc2 Nf6 8.
Nc3 d6 9. Be2 O-O 10. Be3 Qa5 11. O-O Ng4 12. Bf4 Rb8 13. Bd2 Qe5 14. Bxg4 Bxg4
15. Rac1 Be6 16. b3 f5 17. Rfe1 f4 18. Ne2 f3 19. Ng3 fxg2 20. Bc3 Qf4 21. Bxg7
Kxg7 22. Re3 h5 23. Qc3+ Kh7 24. f3 Bg4 25. Kxg2 h4 26. Rh1 h3+ 27. Kf2 Rf6 28.
Ne2 Qg5 29. Rg1 Qh4+ 30. Rg3 Rbf8 31. Ng1 e5 32. Kf1 g5 33. Qd3 Bc8 34. Ke2 g4
35. Kf2 gxf3 36. c5 dxc5 37. Qc3 Rd8 38. Rexf3 Bg4 39. Qxe5 Rdf8 40. Rxf6 Rxf6+
41. Ke1 Be6 42. Kd2 Qh6+ 43. Kc3 Qc1+ 44. Kd3 Qd1+ 45. Ke3 Qc1+ 46. Ke2 Qf1+
47. Ke3 Qc1+ 48. Ke2 Qf1+ 49. Ke3 Qc1+ 1/2-1/2

[Event "20. Abierto de la Constitucion 2018"]
[Site "S. S. de los Reyes ESP"]
[Date "2018.12.05"]
[Round "5.16"]
[White "Lopez de Turiso, Jose Angel"]
[Black "Lopez Orellana, Federico"]
[Result "1-0"]
[WhiteElo "1913"]
[BlackElo "1683"]
[PlyCount "97"]
[EventDate "2018.12.01"]
[EventType "swiss"]
[EventRounds "9"]
[EventCountry "ESP"]
[SourceTitle "Ajedrez en Madrid"]
[Source "lmi"]
[SourceDate "2018.12.01"]

1. e4 d5 2. exd5 Qxd5 3. Nc3 Qd8 4. Nf3 c6 5. d3 Nf6 6. g3 Bg4 7. h3 Bh5 8. Bg2
e6 9. g4 Bg6 10. Bf4 Bd6 11. Ne5 Qc7 12. Nxg6 hxg6 13. Bxd6 Qxd6 14. d4 Nbd7
15. Qd2 Nb6 16. Ne2 Nfd5 17. b3 Qb4 18. c4 Qxd2+ 19. Kxd2 Ne7 20. f4 O-O-O 21.
Kc3 Nd7 22. Rad1 Rhe8 23. Ng3 Nf6 24. Rhe1 Rd7 25. Rd3 Red8 26. Red1 Kc7 27.
Nf1 b6 28. Ne3 a5 29. Nc2 b5 30. Re1 b4+ 31. Kb2 c5 32. Re5 Rb8 33. Rxc5+ Kb6
34. Rb5+ Kc7 35. Rxa5 Rd6 36. Ra7+ Kd8 37. Rb7 Rxb7 38. Bxb7 Kc7 39. Bg2 Rb6
40. a3 bxa3+ 41. Nxa3 Nc6 42. Nb5+ Kb8 43. Rd1 Nb4 44. Ra1 Kc8 45. Kc3 Na6 46.
Ra5 Nb8 47. c5 Ra6 48. Rxa6 Nxa6 49. Nd6+ 1-0

[Event "20. Abierto de la Constitucion 2018"]
[Site "S. S. de los Reyes ESP"]
[Date "2018.12.05"]
[Round "5.17"]
[White "Alfaya Martinez, Enrique"]
[Black "Marcos Herrero, Francisco"]
[Result "0-1"]
[WhiteElo "1594"]
[BlackElo "1889"]
[PlyCount "136"]
[EventDate "2018.12.01"]
[EventType "swiss"]
[EventRounds "9"]
[EventCountry "ESP"]
[SourceTitle "Ajedrez en Madrid"]
[Source "lmi"]
[SourceDate "2018.12.01"]

1. d4 Nf6 2. Bf4 c5 3. e3 b6 4. Nf3 Bb7 5. c3 d6 6. h3 Nbd7 7. Bc4 h6 8. O-O g6
9. Nbd2 Bg7 10. dxc5 Nxc5 11. Bb5+ Nfd7 12. Qc2 O-O 13. Rad1 a6 14. Bc4 d5 15.
Be2 e5 16. Bg3 Rc8 17. b4 Ne6 18. Qb3 Qe7 19. c4 e4 20. Nd4 Nxd4 21. exd4 Bxd4
22. cxd5 Rc3 23. d6 Qf6 24. Qb1 Rxg3 25. Nxe4 Qe5 26. Rxd4 Rxg2+ 27. Kxg2 Qxd4
28. Bf3 Qe5 29. Re1 Kg7 30. Re3 f5 31. Ng5 Bxf3+ 32. Nxf3 Qxd6 33. Rd3 Qc6 34.
Qb2+ Kh7 35. Qd4 Rf7 36. Kh2 Qc7+ 37. Kg2 Nf6 38. Qh4 Kg7 39. Qd4 Rd7 40. Qe3
Re7 41. Qd4 Re4 42. Qb2 Qc6 43. Rd8 Re7 44. Qb3 Rd7 45. Rxd7+ Qxd7 46. Qc4 b5
47. Qc3 Qf7 48. a3 Qc4 49. Qe3 Qc7 50. Qe6 Qb7 51. Kg3 Ne4+ 52. Kg2 Ng5 53.
Qe5+ Kh7 54. Qe3 Nxf3 55. Qxf3 Qxf3+ 56. Kxf3 Kg7 57. h4 g5 58. hxg5 hxg5 59.
Ke3 Kf6 60. Kf3 Ke5 61. Ke3 g4 62. Kd3 f4 63. Ke2 Ke4 64. f3+ gxf3+ 65. Kf2 Ke5
66. Kxf3 Kf5 67. Kf2 Ke4 68. Ke2 f3+ 0-1